000 00290nam a2200121Ia 4500
008 190216s9999||||xx |||||||||||||| ||und||
100 _aRobert Sewell
245 0 _aForgetten Empire
260 _bNational Book Trust India
_c1970
300 _a407p
650 _aIndian History
942 _cBK
999 _c18967
_d18967